Nociones de Historia Sagrada (Primer Curso).

Gespeichert in:
Bibliographische Detailangaben
1. Verfasser: Hueso, Virgilio. Director de la colección, Director de la Escuela Nacional Graduada de la Florida (Madrid)
Weitere Verfasser: Nuviala y Falcón, Mariano. Autor
Format: keine Angabe
Sprache:Spanisch
Erschienen: Madrid Saturnino Calleja 1922
Katalog:MANES:  Suchergebnis im Bibliothekskatalog
Schulbuchspezifische Eigenschaften:
Schriftenreihe:Nuevos Textos Escolares
Tags: Tag hinzufügen
Keine Tags, Fügen Sie den ersten Tag hinzu!
Hinzugefügt zu:26.04.2016
Geändert in:07.05.2025

MARC

LEADER 000000000a22000000004500
001 09391
003 OSt
005 20250507134312.0
008 160427s sp ||||| |||| 00| 0 spa d
040 |c centro_manes 
041 1 |a spa 
561 |5 es-BUNED  |3 LT 0084  |a España. Fondo Manes UNED  |k MANES 
691 0 |a PRI 
100 1 |a Hueso, Virgilio. Director de la colección, Director de la Escuela Nacional Graduada de la Florida (Madrid)  |9 5216 
700 1 |a Nuviala y Falcón, Mariano. Autor  |9 2115 
245 0 0 |a Nociones de Historia Sagrada (Primer Curso). 
260 3 |a Madrid  |b Saturnino Calleja  |c 1922 
300 |a 46 p.  |c 15,4 x 12 cm 
440 |a Nuevos Textos Escolares  |9 5217 
500 |a Colección sometida a la Censura Eclesiástica. 
690 0 |a RyM 
942 |2 ddc  |c BK 
546 |a España 
999 |c 15365  |d 15365 
999 |c manes:15365  |d 15365